Statistiques concernant Focus sur: Belen - Tolkien

Cliquez ici pour prendre le quiz!

Statistiques générales

  • Ce quiz a été pris 3 fois
  • Le résultat moyen est 8 sur 9

Statistiques - réponses

Informations recherchéesRéponses% Correct
PèreBëor "l'Ancien"
100%
FrèreBëor "le Jeune"
100%
EspèceHomme
100%
Première mentionLe Silmarillion
100%
Couleur des cheveuxNoir
100%
Maison (lignée)Peuple de {Bëor}
100%
Age durant lequel il vécutPremier
100%
ContréeEstolad
67%
FilsBeldir
0%

Distribution des résultats

Percentile par nombre de réponses

% des personnes avec chaque résultat

Votre développement - résultats

Vous n’avez pas pris ce quiz